000 01049nam a2200229Ia 4500
001 L262-19199
003 IT-CnALBA
008 170116s9999||||xx |||||||||||||| ||und||
040 _aIT-CnALBA
_cIT-CnALBA
041 _aLATINO
100 _aCONGREGAZIONE SACRA DEI RITI
245 0 _aINSTRUCTIO DE MUSICA SACRA ET SACRA LITURGIA AD MENTEM PII PAPAE XII.
250 _a1a ed.
260 _a ROMA
_bLIBRERIA EDITRICE VATICANA
_cn.d.
300 _a36 p.
500 _aTESTO NOZIONI. NORME GENERALI E PARTICOLARI. MESSA UFFICIO DIVINO. GENERI DI MUSICA. LIBRI PER IL CANTO LITURGICO. STRUMENTI MUSICALI E CAMPANE. CULTO DELLA MUSICA E DELLA LITURGIA.
501 _aSocietà San Paolo EM - Piazza San Paolo, 14 - 12051 ALBA (CN) (non commercial uses only) ® Copyright 2017
520 _aTESTO NOZIONI. NORME GENERALI E PARTICOLARI. MESSA UFFICIO DIVINO. GENERI DI MUSICA. LIBRI PER IL CANTO LITURGICO. STRUMENTI MUSICALI E CAMPANE. CULTO DELLA MUSICA E DELLA LITURGIA.
650 _aECCLESIOLOGIA
942 _cBK
957 _71
999 _a23938
_bNO
_g Copie: 1
_c278320
_d278320